000 00566nam a22001817a 4500
005 20170517103640.0
010 _aENG-118183
020 _a9789384275266
_c995.00
035 _aEN-101715
037 _bDBAD/PUB
082 _a305.309545
100 _aMeena, Santosh
245 _aGender history of india /
_bSpecial reference on north east /
_cby Santosh Meena
260 _aIndia
_bNE BOOKS AND PUBLISHERS
_c2017
270 _aNational Highway Silchar- 788005 Assam, India
300 _a194p.
_c20cm. (Hb)
942 _2ddc
_cEN
_h305.309545
_mMEE
999 _c139983
_d139983